LEADER 00885nam0-22002651i-450- 001 990002512270403321 035 $a000251227 035 $aFED01000251227 035 $a(Aleph)000251227FED01 035 $a000251227 100 $a20000920d1965----km-y0itay50------ba 101 0 $aENG 200 1 $aDictionary of International Relations and Politics$eSystematic and Alphabetical in Four Languages German English American French Spanish$fGunther Haensch. 210 $aAmsterdam$cElsevier$d1965. 215 $aXV, 638 p.$d21 cm 610 0 $aManuali generali di consultazione, Vocabolari e lessici 700 1$aHaensch,$bGünther$0375007 801 0$aIT$bUNINA$gRICA$2UNIMARC 901 $aBK 912 $a990002512270403321 952 $aXXIX-A-13$b3037$fMAS 959 $aMAS 996 $aDictionary of International Relations and Politics$9439537 997 $aUNINA DB $aING01 LEADER 01431nam2-2200409li-450 001 990000191590203316 005 20180312154855.0 010 $a3-540-58859-0 035 $a0019159 035 $aUSA010019159 035 $a(ALEPH)000019159USA01 035 $a0019159 100 $a20001109d1996----km-y0itay0103----ba 101 0 $aeng 102 $aGW 200 1 $aVariational methods$eapplications to nonlinear partial differential equations and Hamiltonian systems$fMichael Struwe 205 $a2nd revised and substantially expanded ed 210 $aBerlin$cSpringer-Verlag$dcopyr. 1996 215 $aXVI, 272 p. Ill.$d23 cm 225 2 $aa series of modernsurveys in mathematics$v34 410 0$10010019142$12001$aa series of modernsurveys in mathematics$vErgebnisse der Mathematik und ihrer Grenzgebiete 610 1 $acalcolo delle variazioni 610 1 $aequazioni differenziali non lineari 610 1 $asistemi hamiltoniani 676 $a51564$9Calcolo delle variazioni 700 1$aStruve,$bMichael$0754944 801 $aSistema bibliotecario di Ateneo dell' Università di Salerno$gRICA 912 $a990000191590203316 951 $a510 EMIGR (34) (A)$b0019141 959 $aBK 969 $aSCI 979 $c19981129 979 $c20001110$lUSA01$h1713 979 $c20020403$lUSA01$h1627 979 $aPATRY$b90$c20040406$lUSA01$h1614 996 $aVariational methods$91519432 997 $aUNISA